|
|
|
|
| LEADER |
00000nkm a2200000 a 4500 |
| 001 |
vtls011588912 |
| 003 |
SK-MaSNL |
| 005 |
20260301140412.0 |
| 007 |
kf ao |
| 008 |
231214q1869 xo g kuhun |
| 015 |
|
|
|a SNBG
|
| 035 |
|
|
|a urn:nbn:sk:snk-km00coy6
|
| 035 |
|
|
|a urn:nbn:sk:snk-km3lqbf
|
| 035 |
|
|
|a 6C2FF71C-83FE-4752-8167-FDD454A933B9
|
| 040 |
|
|
|a SNK
|b slo
|c SNK
|e AACR2
|
| 041 |
0 |
|
|a hun
|a ger
|
| 043 |
|
|
|a e-xo---
|
| 044 |
|
|
|a xo
|c SK
|
| 080 |
|
|
|a 913(437.6)
|2 2011
|
| 080 |
|
|
|a 728.82
|2 2011
|
| 080 |
|
|
|a (084.121)
|2 2011
|
| 245 |
0 |
2 |
|a A vág völgye
|h grafika
|b Gbellan
|
| 246 |
3 |
1 |
|a Das Waagthal
|b Gbellan
|
| 246 |
3 |
0 |
|a Gbellan
|
| 260 |
|
|
|a Trencsén
|b Gansel Lipót
|c [medzi 1869 a 1907?]
|
| 300 |
|
|
|a 1 pohľadnica
|b tónovaná do zelena
|c 9 x 14 cm
|
| 546 |
|
|
|a Súbežný názov nemecky
|
| 650 |
0 |
7 |
|a kaštiele
|2 SNKPH
|9 28599
|
| 651 |
|
7 |
|a Gbeľany (Slovensko)
|2 SNKPH
|9 74670
|
| 651 |
|
7 |
|a Žilina (Slovensko : okres)
|2 SNKPH
|9 56327
|
| 655 |
|
7 |
|a miestne pohľadnice
|2 SNKPH
|9 70510
|
| 655 |
|
7 |
|a pohľadnice kultúrnych pamiatok
|2 SNKPH
|9 70523
|
| 752 |
|
|
|a Slovensko
|d Trenčín
|
| 852 |
|
|
|a Slovenská národná knižnica
|
| 958 |
|
|
|a GC
|
| 958 |
|
|
|a ONDV
|
| 958 |
|
|
|a GBN
|
| 999 |
|
|
|c 763543
|d 765473
|
| 952 |
|
|
|a SNK
|b SNK
|y PREZ
|7 0
|p 17A1216071
|o snkSP 11013
|0 0
|1 0
|4 0
|d 2016-11-02
|f 1
|l 0
|r 2026-02-24 00:11:29
|w 2026-02-24
|